Derecho procesal penal chileno
Guardat en:
| Autors principals: | , |
|---|---|
| Format: | Llibre |
| Idioma: | espanyol |
| Publicat: |
Santiago
Jurídica de Chile
2002
|
| Matèries: | |
| Etiquetes: |
Afegir etiqueta
Sense etiquetes, Sigues el primer a etiquetar aquest registre!
|
MARC
| LEADER | 00000nam a2200000 a 4500 | ||
|---|---|---|---|
| 001 | UCM3592 | ||
| 003 | CL-VaPUC | ||
| 008 | 020712e20020500CL |||||||||||||||||spa|d | ||
| 020 | |a 9561014025v.1 | ||
| 082 | 0 | 4 | |a 345.8305 |b HOR |2 21 |
| 100 | |a Horvitz Lennon, María Inés |e author |9 580393 | ||
| 700 | 0 | |a López Masle, Julián |e author |9 470247 | |
| 245 | 1 | 0 | |a Derecho procesal penal chileno |
| 300 | |a v | ||
| 942 | |c BK | ||
| 945 | |d 20020712 00:00:00 |a vberengu | ||
| 260 | |a Santiago |b Jurídica de Chile |c 2002 | ||
| 500 | |a v.1: Principios. Sujetos procesales, medidas cautelares: etapa de investigación | ||
| 650 | 0 | |a Derecho procesal penal |9 256392 | |
| 650 | 0 | |a Procedimiento penal |9 254974 | |
| 650 | 0 | |a Medidas cautelares |9 256590 | |
| 650 | 0 | |a Acción penal |9 254970 | |
| 651 | 7 | |a CHILE |2 CL-VaPUC |9 470248 | |
| 583 | |a last modification |c 20020712 00:00:00 |k Rodrigo Vera | ||
| 999 | |c 300803 |d 300801 | ||
| 952 | |0 0 |1 0 |4 0 |6 345_830500000000000_HOR_2002 |7 0 |8 A |9 359097 |a BIBDER |b BIBDER |d 2019-11-21 |h v.1 |i 3828379 |l 1 |o 345.8305 HOR 2002 |p 3828379 |r 2023-01-25 |s 2022-09-29 |w 2019-11-21 |y BK |k DER | ||
| 952 | |0 0 |1 0 |4 0 |6 345_830500000000000_HOR_2002 |7 0 |8 A |9 359098 |a BIBDER |b BIBDER |d 2019-11-21 |h v.1 |i 3892050 |o 345.8305 HOR 2002 |p 3892050 |r 2023-01-25 |w 2019-11-21 |y BK |k DER | ||
| 952 | |0 0 |1 0 |4 0 |6 345_830500000000000_HOR_2002 |7 0 |8 A |9 359099 |a BIBDER |b BIBDER |d 2019-11-21 |h v.1 |i 3892069 |o 345.8305 HOR 2002 |p 3892069 |r 2023-01-25 |w 2019-11-21 |y BK |k DER | ||
| 952 | |0 0 |1 0 |4 0 |6 345_830500000000000_HOR_2002 |7 0 |8 A |9 359100 |a BIBDER |b BIBDER |d 2019-11-21 |h v.1 |i 4026969 |l 3 |o 345.8305 HOR 2002 |p 4026969 |r 2023-01-25 |s 2022-10-28 |w 2019-11-21 |y BK |k DER | ||
| 952 | |0 0 |1 0 |4 0 |6 345_830500000000000_HOR_2002 |7 0 |8 A |9 359101 |a BIBDER |b BIBDER |d 2019-11-21 |h v.1 |i 4026977 |o 345.8305 HOR 2002 |p 4026977 |r 2019-11-21 |w 2019-11-21 |y BK |k DER | ||
| 952 | |0 0 |1 0 |4 0 |6 345_830500000000000_HOR_2002 |7 0 |8 A |9 359102 |a BIBDER |b BIBDER |d 2019-11-21 |h v.1 |i 4280067 |o 345.8305 HOR 2002 |p 4280067 |r 2023-01-25 |w 2019-11-21 |y BK |k DER | ||
| 952 | |0 0 |1 0 |4 0 |6 345_830500000000000_HOR_2002 |7 0 |8 A |9 359103 |a BIBDER |b BIBDER |d 2019-11-21 |h v.1 |i 4373537 |l 1 |o 345.8305 HOR 2002 |p 4373537 |r 2023-04-24 |s 2023-04-17 |w 2019-11-21 |y BK |k DER | ||
| 952 | |0 0 |1 0 |4 0 |6 345_830500000000000_HOR_2002 |7 0 |8 A |9 359104 |a BIBDER |b BIBDER |d 2019-11-21 |h v.1 |i 4375890 |l 6 |o 345.8305 HOR 2002 |p 4375890 |r 2024-07-29 |s 2024-07-29 |w 2019-11-21 |y BK |k DER | ||
| 952 | |0 0 |1 0 |4 0 |6 345_830500000000000_HOR_2002 |7 0 |8 A |9 359105 |a BIBDER |b BIBDER |d 2019-11-21 |h v.1 |i 4396014 |l 8 |o 345.8305 HOR 2002 |p 4396014 |r 2023-05-19 |s 2023-05-19 |w 2019-11-21 |y BK |k DER | ||